Culture Générale - Série 2613 - Statistiques

Statistiques générales
  • Ce quiz a été pris 78 fois
  • Le résultat moyen est 3 sur 10
Statistiques - réponses
Question Réponse % Correct
De quel fleuve l'Ain est-il un affluent ? Rhöne
82%
Sous quel nom connait-on mieux l'oiseau disparu depuis la fin du XVIIe siècle "dronte de Maurice" ? dodo
76%
Dans quel sport la cible, un cercle de 1,83 mètre est-il appelé "maison" ? curling
44%
Dans la chanson de 1967 des Charlots, comment s'appelle la reine des paupiettes ? Paulette
41%
Dans la mythologie grecque, le plus célèbre des centaures , immortel et chargé de former les jeunes héros, s'appelait .... Chiron
21%
Enveloppe de cuir, tôle, mica, aluminium, etc., servant à protéger la chaîne et les roues dentées d'un engrenage ou les organes internes d'un moteur carter
18%
Faire disparaître (qqch.) par un tour de main qui échappe à la vue des spectateurs - 9 lettres commençant par " e " escamoter
13%
Cordage reliant une ancre à la bouée qui en indique l'emplacement - Câble servant à maintenir une mine immergée. orin
7%
Tissu de laine ou de coton pelucheux - jeu de jonglage pratiqué avec un volant à NIce et l'arrière pays pilou
6%
Comment s'appelle la vache du camembert Lepetit ? Serpentine
1%
Aucun quiz correspondant
Distribution des résultats
% des personnes avec chaque résultat
Percentile par nombre de réponses
Votre historique - résultats
Vous n’avez pas pris ce quiz